00383cam a2200145 4500020001500000020001500015082001200030100001700042245005500059250001100114260002800125300002200153505003800175650002400213 a058240746x a058244207900a547 FIN1 aFinar, I. L.00aOrganic chemistry .Vol1:The fundemental Principles a6th ed aLondon,bLongman,c1962 av. 965pbillus.1 av. 1. The fundamental principles. 0aChemistry, Organic.